00325nam a2200121Ia 4500008004100000041000800041082001400049100002200063245004400085260002900129300003300158365001200191240624s9999 xx 000 0 und d aeng a332.1 CAN aCANNATA FRANCESCO aBASEL III AND BEYOND A GUIDE TO BANKING c2011aLondonbRisk Books axxxii, : 510 : p. : cm. ; 23 cGBPb50